000 00436nam a22001817a 4500
003 CEME
005 20210628201946.0
008 210415b xxu||||| |||| 00| 0 eng d
020 _a0-471-04103-3
040 _c.
082 _a537 WAN
100 _aWangsness, Roald.K
_957605
245 _aElectromagnetic fields
260 _aNEW YORK
_bJOHN WILEY
_c1979
300 _a580P
650 _aELECTROMAGNETIC
_957606
942 _cBK
_2ddc
999 _c567874
_d567874